| 000 | 00661nam a22002057a 4500 | ||
|---|---|---|---|
| 999 |
_c17817 _d17817 |
||
| 003 | OSt | ||
| 005 | 20230119135010.0 | ||
| 008 | 230119b ||||| |||| 00| 0 eng d | ||
| 040 | _c0 | ||
| 082 | _aDPer 370.5 M720 June - December 2017 v66 no. 1-7 | ||
| 100 |
_aGonzales, Jennifer A. _eauthor. _947334 |
||
| 245 |
_aNagbabagang baga ng planeta / _cJennifer A. Gonzales |
||
| 260 |
_aPhilippines : _bPapi Publishers, Inc., _cJune 2017. |
||
| 300 | _avolume 66, page 31. | ||
| 650 |
_aClimate change. _947335 |
||
| 650 |
_aGreenhouse effect. _947336 |
||
| 650 |
_aGlobal warming. _947302 |
||
| 700 |
_aGonzales, Jennifer A. _eauthor. _947334 |
||
| 942 |
_2ddc _cPER |
||